Propuesta de implementación de sistema administrativo para el área de recursos humanos de la empresa Construcciones Eléctricas de Nicaragua S.A
Plantea el análisis, diseño. desarrollo e implementación de un sistema administrativo para el área de recursos humanos de la empresa Construcciones eléctricas de Nicaragua apoyándose de los conocimientos adquiridos en la ingeniería del software y las tendencias tecnológicas del dominio de lo...
| Main Authors: | , |
|---|---|
| Other Authors: | |
| Format: | Tesis Section = Libro |
| Language: | Undetermined Spanish |
| Published: |
Managua
UNI
2019
|
| Subjects: |
| LEADER | 01245nam a2200265Ia 4500 | ||
|---|---|---|---|
| 008 | 240830s9999 xx 000 0 und d | ||
| 040 | |a BIBLIOTECA-RUSB/ Mon 005.74 J37 | ||
| 041 | |a spa | ||
| 082 | |a Mon 005.74 J37 | ||
| 100 | 1 | |a Jarquín Cerda, Kewing Joel | |
| 100 | 1 | |b Espinoza López, Anddy Francel | |
| 245 | 1 | 0 | |a Propuesta de implementación de sistema administrativo para el área de recursos humanos de la empresa Construcciones Eléctricas de Nicaragua S.A |
| 260 | |a Managua |b UNI |c 2019 | ||
| 300 | |a 59 p. :il. | ||
| 500 | |a Contiene: anexos y CD. | ||
| 502 | |a Tesis (Ingeniero en Computación) - UNI, 2019. | ||
| 520 | 3 | |a Plantea el análisis, diseño. desarrollo e implementación de un sistema administrativo para el área de recursos humanos de la empresa Construcciones eléctricas de Nicaragua apoyándose de los conocimientos adquiridos en la ingeniería del software y las tendencias tecnológicas del dominio de los ejecutores del proyecto de fin de carrera. | |
| 650 | 7 | |a SISTEMA WEB | |
| 650 | 7 | |b SISTEMA ADMINISTRATIVO | |
| 650 | 7 | |c SOFTWARE ADMINISTRATIVO | |
| 650 | 7 | |d LENGUAJE DE PROGRAMACION | |
| 700 | 1 | |a Tutor: |b Chávez Mairena, Luis Eduardo | |
| 942 | |c BK |2 ddc | ||
| 991 | |a TESIS | ||
| 999 | |c 19798 | ||